000 00583nam a2200181Ia 4500
008 100920s9999 xx 000 0 und d
082 _b52859
_a520 0
100 _aनाडकर्णी आनंद.
245 _aआरोग्याचा अर्थ.
260 _bगं्रथाली वाचक चळवळ,मुंबई.
_c0
300 _a100
_bसाधी
365 _b30
520 _aशाअ.
630 _aआरोग्याचा अर्थ.
650 _aशाअ.
730 _aआरोग्याचा अर्थ.
942 _cBOOK
999 _c698104
_d698101